[Event "34. Abierto Collado Villalba 2017"]
[Site "Collado Villalba ESP"]
[Date "2017.08.22"]
[Round "1.21"]
[White "Lopez De Turiso, Jose Angel"]
[Black "Rodriguez Yague, Fermin"]
[Result "1-0"]
[WhiteElo "2035"]
[BlackElo "1643"]
[PlyCount "81"]
[EventDate "2017.08.22"]
[EventType "swiss"]
[EventRounds "9"]
[EventCountry "ESP"]
[SourceTitle "Ajedrez en Madrid"]
[Source "lmi"]
[SourceDate "2017.08.22"]
[SourceVersion "1"]
[SourceVersionDate "2018.03.05"]
[SourceQuality "1"]

1. e4 c5 2. c3 d5 3. exd5 Qxd5 4. d4 Nc6 5. Nf3 Bg4 6. Be2 cxd4 7. cxd4 e6 8.
O-O Nf6 9. Nc3 Qd8 10. Bg5 Be7 11. Qa4 O-O 12. Bxf6 Bxf6 13. d5 Bxf3 14. Bxf3
exd5 15. Nxd5 Ne5 16. Nxf6+ Qxf6 17. Bxb7 Rad8 18. Qxa7 Rd2 19. b3 Rfd8 20.
Rab1 Qh4 21. a4 h5 22. Qe3 Ng4 23. Qg3 Qf6 24. a5 R8d4 25. h3 Nh6 26. a6 Qb6
27. Ra1 Rd8 28. Qe3 R2d4 29. Qf3 Qa7 30. Rad1 g6 31. Rxd4 Rxd4 32. Rd1 Nf5 33.
Rxd4 Nxd4 34. Qd5 Kg7 35. b4 Ne6 36. Qe5+ Kg8 37. Qd6 Nd4 38. Qc5 Qxc5 39. bxc5
Nb5 40. c6 f5 41. f4 1-0

[Event "34. Abierto Collado Villalba 2017"]
[Site "Collado Villalba ESP"]
[Date "2017.08.23"]
[Round "2.1"]
[White "Unciti Juan, Javier"]
[Black "Moreno Ruiz, Javier"]
[Result "0-1"]
[WhiteElo "2040"]
[BlackElo "2460"]
[PlyCount "58"]
[EventDate "2017.08.22"]
[EventType "swiss"]
[EventRounds "9"]
[EventCountry "ESP"]
[SourceTitle "Ajedrez en Madrid"]
[Source "lmi"]
[SourceDate "2017.08.22"]
[SourceVersion "1"]
[SourceVersionDate "2018.03.05"]
[SourceQuality "1"]

1. e4 c5 2. b4 cxb4 3. a3 e5 4. Nf3 Nc6 5. Bc4 Nf6 6. d3 Be7 7. axb4 Bxb4+ 8.
c3 Be7 9. Qb3 O-O 10. Ng5 Qe8 11. f4 exf4 12. Bxf4 d5 13. Bxd5 Nxd5 14. Qxd5 h6
15. Nf3 Be6 16. Qb5 f5 17. e5 Rd8 18. d4 Nxd4 19. Nxd4 Rxd4 20. Qxe8 Re4+ 21.
Be3 Rxe8 22. Kf2 Rxe5 23. Bd4 Rb5 24. Re1 Rb2+ 25. Kg1 Bd5 26. c4 Rxg2+ 27. Kf1
Bc6 28. Ra5 Rg4 29. Bxa7 Bg2+ 0-1

[Event "34. Abierto Collado Villalba 2017"]
[Site "Collado Villalba ESP"]
[Date "2017.08.23"]
[Round "2.2"]
[White "Valles Moreno, Ivan"]
[Black "Aziz Ortego, Omar Luis"]
[Result "1-0"]
[WhiteElo "2435"]
[BlackElo "2069"]
[PlyCount "99"]
[EventDate "2017.08.22"]
[EventType "swiss"]
[EventRounds "9"]
[EventCountry "ESP"]
[SourceTitle "Ajedrez en Madrid"]
[Source "lmi"]
[SourceDate "2017.08.22"]
[SourceVersion "1"]
[SourceVersionDate "2018.03.05"]
[SourceQuality "1"]

1. e4 g6 2. d4 Bg7 3. Be3 Nf6 4. f3 d6 5. c4 Nbd7 6. Nc3 e5 7. Nge2 O-O 8. Qd2
Re8 9. d5 a5 10. O-O-O b6 11. g4 Nc5 12. Ng3 a4 13. Kb1 a3 14. b3 Nfd7 15. h4
Bf6 16. g5 Bg7 17. h5 Nf8 18. Be2 Bd7 19. Rdg1 Qe7 20. Rg2 Reb8 21. Rgh2 Bh8
22. Nb5 Bc8 23. Bd1 Bg7 24. Bc2 Rb7 25. Rh4 Bd7 26. hxg6 fxg6 27. Nf5 Qf7 28.
Nxg7 Qxg7 29. f4 Bxb5 30. cxb5 exf4 31. Bd4 Qe7 32. Rxf4 Ncd7 33. Bd3 Ne5 34.
Bf1 Re8 35. Bh3 Rbb8 36. Rhf1 Ra8 37. Rf6 Ned7 38. Re6 Qd8 39. Qf4 Ne5 40. Bxe5
dxe5 41. Rxe5 Rxe5 42. Qxe5 Qe8 43. Rxf8+ Kxf8 44. Qh8+ Kf7 45. Qf6+ Kg8 46.
Be6+ Qxe6 47. Qxe6+ Kf8 48. d6 cxd6 49. Qxd6+ Kg7 50. Qe5+ 1-0

[Event "34. Abierto Collado Villalba 2017"]
[Site "Collado Villalba ESP"]
[Date "2017.08.23"]
[Round "2.3"]
[White "Cabañas Bravo, Juan Andres"]
[Black "Hernando Pertierra, Jose Carlos"]
[Result "0-1"]
[WhiteElo "2023"]
[BlackElo "2348"]
[PlyCount "50"]
[EventDate "2017.08.22"]
[EventType "swiss"]
[EventRounds "9"]
[EventCountry "ESP"]
[SourceTitle "Ajedrez en Madrid"]
[Source "lmi"]
[SourceDate "2017.08.22"]
[SourceVersion "1"]
[SourceVersionDate "2018.03.05"]
[SourceQuality "1"]

1. e4 g6 2. d4 Bg7 3. Bc4 d6 4. Qf3 Nf6 5. e5 dxe5 6. dxe5 Bg4 7. Qd3 Qxd3 8.
cxd3 Nfd7 9. h3 Bf5 10. g4 Be6 11. Bxe6 fxe6 12. f4 g5 13. Ne2 Nc6 14. d4 gxf4
15. Bxf4 Nb4 16. Kd2 O-O-O 17. a3 Nd5 18. Kc2 Rhf8 19. Rf1 Ne3+ 20. Bxe3 Rxf1
21. a4 Nb6 22. Ra3 Nd5 23. Nd2 Re1 24. Kd3 Nb4+ 25. Kc3 a5 0-1

[Event "34. Abierto Collado Villalba 2017"]
[Site "Collado Villalba ESP"]
[Date "2017.08.23"]
[Round "2.4"]
[White "Aranda Marin, Cristian"]
[Black "Lopez De Turiso, Jose Angel"]
[Result "1-0"]
[WhiteElo "2263"]
[BlackElo "2035"]
[PlyCount "97"]
[EventDate "2017.08.22"]
[EventType "swiss"]
[EventRounds "9"]
[EventCountry "ESP"]
[SourceTitle "Ajedrez en Madrid"]
[Source "lmi"]
[SourceDate "2017.08.22"]
[SourceVersion "1"]
[SourceVersionDate "2018.03.05"]
[SourceQuality "1"]

1. d4 Nf6 2. c4 c5 3. d5 b5 4. cxb5 a6 5. bxa6 g6 6. Nc3 Bxa6 7. g3 Bg7 8. Bg2
d6 9. Nf3 Nbd7 10. Rb1 Nb6 11. b3 O-O 12. O-O Ra7 13. a4 Qa8 14. Ne1 Rb8 15.
Nc2 Ne8 16. Bb2 Nc7 17. Qd2 Nd7 18. Ba1 Rab7 19. Qe3 Rxb3 20. Qxe7 Bxc3 21.
Rxb3 Rxb3 22. Qxd7 Ne8 23. Bxc3 Rxc3 24. Ne3 Qb8 25. Qe7 Rb3 26. Be4 Rb7 27.
Qg5 Rb4 28. Bc2 Rb2 29. h4 Bxe2 30. Re1 Bf3 31. h5 Qb4 32. Kf1 f6 33. Qh6 Bxh5
34. Ng4 Qxe1+ 35. Kxe1 Rxc2 36. Ne3 Rc1+ 37. Kd2 Rg1 38. a5 f5 39. Nxf5 Rd1+
40. Kc3 Re1 41. Ne3 Bf3 42. Qf4 Bh1 43. Qg4 Ra1 44. Qc8 Kf7 45. a6 Ra3+ 46. Kb2
Rxe3 47. fxe3 Bxd5 48. Qb7+ Ke6 49. e4 1-0

[Event "34. Abierto Collado Villalba 2017"]
[Site "Collado Villalba ESP"]
[Date "2017.08.23"]
[Round "2.5"]
[White "Vaquerizo Calvo, Miguel Arturo"]
[Black "Longa Yauca, Javier"]
[Result "0-1"]
[WhiteElo "1910"]
[BlackElo "2261"]
[PlyCount "114"]
[EventDate "2017.08.22"]
[EventType "swiss"]
[EventRounds "9"]
[EventCountry "ESP"]
[SourceTitle "Ajedrez en Madrid"]
[Source "lmi"]
[SourceDate "2017.08.22"]
[SourceVersion "1"]
[SourceVersionDate "2018.03.05"]
[SourceQuality "1"]

1. e4 Nf6 2. Nc3 e5 3. Nf3 d6 4. d4 Nbd7 5. Bc4 Be7 6. O-O O-O 7. a4 c6 8. a5
Qc7 9. h3 h6 10. Ba2 Re8 11. Be3 Bf8 12. Re1 b5 13. axb6 Nxb6 14. dxe5 dxe5 15.
Bxb6 Qxb6 16. Na4 Qc7 17. Qe2 a5 18. Qe3 Rb8 19. Nd2 Rb4 20. Nc5 Rd8 21. Nd3
Rbd4 22. Bc4 c5 23. c3 Rxd3 24. Bxd3 Qd6 25. Nc4 Qxd3 26. Qxd3 Rxd3 27. Nxe5
Rd8 28. Rxa5 Be6 29. Ra4 g5 30. b4 cxb4 31. cxb4 Rd4 32. f3 Nh5 33. Ra8 Rxb4
34. Nc6 Rb2 35. Ne7+ Kg7 36. Nf5+ Bxf5 37. exf5 Bc5+ 38. Kh1 Nf4 39. Rc8 Bf2
40. Rf1 Bg3 41. Re8 h5 42. Re4 h4 43. f6+ Kg6 44. Rxf4 Bxf4 45. Kg1 Kxf6 46.
Kh1 Rc2 47. Kg1 Kf5 48. Kh1 Rc1 49. Rxc1 Bxc1 50. Kg1 Kf4 51. Kh2 f5 52. Kg1
Kg3 53. Kh1 Be3 54. f4 Bxf4 55. Kg1 Be3+ 56. Kh1 g4 57. hxg4 h3 0-1

[Event "34. Abierto Collado Villalba 2017"]
[Site "Collado Villalba ESP"]
[Date "2017.08.23"]
[Round "2.6"]
[White "Cao Armillas, Jesus"]
[Black "Erice Alonso, Santiago"]
[Result "1/2-1/2"]
[WhiteElo "2204"]
[BlackElo "1963"]
[PlyCount "44"]
[EventDate "2017.08.22"]
[EventType "swiss"]
[EventRounds "9"]
[EventCountry "ESP"]
[SourceTitle "Ajedrez en Madrid"]
[Source "lmi"]
[SourceDate "2017.08.22"]
[SourceVersion "1"]
[SourceVersionDate "2018.03.05"]
[SourceQuality "1"]

1. d4 d5 2. c4 e6 3. Nf3 c5 4. cxd5 exd5 5. Nc3 Nc6 6. g3 Nf6 7. Bg2 Be7 8. O-O
O-O 9. dxc5 Bxc5 10. Na4 Be7 11. Be3 Re8 12. Rc1 Bg4 13. h3 Be6 14. Nd4 Qd7 15.
Nxc6 bxc6 16. Kh2 Bf5 17. Nc5 Bxc5 18. Bxc5 Qb7 19. Bd4 Re6 20. e3 Be4 21. Bxf6
Bxg2 22. Kxg2 Rxf6 1/2-1/2

[Event "34. Abierto Collado Villalba 2017"]
[Site "Collado Villalba ESP"]
[Date "2017.08.23"]
[Round "2.7"]
[White "Garrido Olivares, Ricard"]
[Black "Sanchez Rodenas, Jose Antonio"]
[Result "1-0"]
[WhiteElo "2167"]
[BlackElo "1627"]
[PlyCount "69"]
[EventDate "2017.08.22"]
[EventType "swiss"]
[EventRounds "9"]
[EventCountry "ESP"]
[SourceTitle "Ajedrez en Madrid"]
[Source "lmi"]
[SourceDate "2017.08.22"]
[SourceVersion "1"]
[SourceVersionDate "2018.03.05"]
[SourceQuality "1"]

1. Nf3 Nf6 2. d4 d5 3. e3 e6 4. Bd3 c5 5. c3 Nc6 6. Nbd2 c4 7. Bc2 Bd6 8. Qe2
Qc7 9. e4 Bf4 10. exd5 Bxd2+ 11. Bxd2 Ne7 12. Ba4+ Bd7 13. Bxd7+ Qxd7 14. dxe6
Qxe6 15. Qxe6 fxe6 16. O-O Nc6 17. Rfe1 Kd7 18. b3 b5 19. Rab1 Rab8 20. Ng5
Rhe8 21. f3 h6 22. Ne4 Nxe4 23. fxe4 Rf8 24. Rf1 Rxf1+ 25. Rxf1 Ke7 26. Bf4 Rb7
27. d5 exd5 28. exd5 Nd8 29. Be5 Ke8 30. Re1 Re7 31. Kf2 Rf7+ 32. Ke3 Rd7 33.
bxc4 bxc4 34. Kd4 Nc6+ 35. Kxc4 1-0

[Event "34. Abierto Collado Villalba 2017"]
[Site "Collado Villalba ESP"]
[Date "2017.08.23"]
[Round "2.8"]
[White "Angelina Vela, Carlos"]
[Black "Camacho Casado, Natalio"]
[Result "1/2-1/2"]
[WhiteElo "2098"]
[BlackElo "2105"]
[PlyCount "56"]
[EventDate "2017.08.22"]
[EventType "swiss"]
[EventRounds "9"]
[EventCountry "ESP"]
[SourceTitle "Ajedrez en Madrid"]
[Source "lmi"]
[SourceDate "2017.08.22"]
[SourceVersion "1"]
[SourceVersionDate "2018.03.05"]
[SourceQuality "1"]

1. d4 Nf6 2. Nf3 g6 3. g3 Bg7 4. Bg2 O-O 5. O-O d6 6. a4 a5 7. Re1 Nbd7 8. e4
e5 9. Nc3 c6 10. dxe5 dxe5 11. b3 Re8 12. Ba3 Nh5 13. Qe2 Bf8 14. Bxf8 Nxf8 15.
h3 Qe7 16. Rad1 f6 17. Qe3 Be6 18. Bf1 Nd7 19. Rd2 Qc5 20. Qxc5 Nxc5 21. Red1
Kf7 22. Ne1 Ke7 23. Nd3 Nxd3 24. Rxd3 Red8 25. Kg2 Rxd3 26. Bxd3 Rd8 27. Be2
Rxd1 28. Nxd1 Ng7 1/2-1/2

[Event "34. Abierto Collado Villalba 2017"]
[Site "Collado Villalba ESP"]
[Date "2017.08.23"]
[Round "2.9"]
[White "Serrano Martinez, Francisco Jo"]
[Black "Robles Diaz, Jose Alberto"]
[Result "0-1"]
[WhiteElo "1881"]
[BlackElo "2088"]
[PlyCount "86"]
[EventDate "2017.08.22"]
[EventType "swiss"]
[EventRounds "9"]
[EventCountry "ESP"]
[SourceTitle "Ajedrez en Madrid"]
[Source "lmi"]
[SourceDate "2017.08.22"]
[SourceVersion "1"]
[SourceVersionDate "2018.03.05"]
[SourceQuality "1"]

1. e4 d6 2. c4 Nf6 3. Nc3 g6 4. d4 Bg7 5. g3 O-O 6. Bg2 Nc6 7. Nge2 e5 8. d5
Ne7 9. b4 a5 10. Ba3 Nd7 11. O-O f5 12. c5 f4 13. cxd6 cxd6 14. Nc1 Nf6 15. Nd3
g5 16. Rc1 Bg4 17. f3 axb4 18. Bxb4 Bc8 19. g4 Ng6 20. Qb3 h5 21. h3 Rf7 22.
Rf2 Bf8 23. Rfc2 hxg4 24. hxg4 Nh4 25. Nf2 Bd7 26. a4 Qb6 27. Rb1 Nxg4 28. fxg4
f3 29. Bh3 Qe3 30. Nb5 Qf4 31. Bxd6 Qg3+ 32. Kf1 Bxb5+ 33. Qxb5 Ng2 34. Bc5 Rc8
35. Rb3 Nf4 36. Rbb2 Nxh3 37. Nxh3 Qxh3+ 38. Ke1 Qxg4 39. Be3 Rxc2 40. Rxc2
Qxe4 41. Qb3 g4 42. Rc4 f2+ 43. Kd2 Qxd5+ 0-1

[Event "34. Abierto Collado Villalba 2017"]
[Site "Collado Villalba ESP"]
[Date "2017.08.23"]
[Round "2.10"]
[White "Fernandez Garcia, Ignacio"]
[Black "Martin Duque, Jesus"]
[Result "0-1"]
[WhiteElo "1876"]
[BlackElo "2386"]
[PlyCount "100"]
[EventDate "2017.08.22"]
[EventType "swiss"]
[EventRounds "9"]
[EventCountry "ESP"]
[SourceTitle "Ajedrez en Madrid"]
[Source "lmi"]
[SourceDate "2017.08.22"]
[SourceVersion "1"]
[SourceVersionDate "2018.03.05"]
[SourceQuality "1"]

1. e4 c5 2. Nc3 Nc6 3. g3 g6 4. Bg2 Bg7 5. d3 d6 6. Nf3 Bg4 7. h3 Bxf3 8. Qxf3
Nf6 9. O-O O-O 10. Qd1 Rb8 11. a3 Nd7 12. Nd5 b5 13. c3 a5 14. Kh2 a4 15. f4
Na5 16. Bd2 Nb3 17. Rb1 e6 18. Ne3 Qe7 19. f5 h5 20. Rf2 Kh7 21. Qf3 Bh6 22.
Rbf1 Nxd2 23. Rxd2 Ne5 24. Qe2 Qg5 25. Rf4 Kg8 26. d4 h4 27. Rxh4 Qxe3 28. Rxh6
cxd4 29. Qxe3 dxe3 30. Re2 Kg7 31. Rh4 g5 32. Rh5 Rh8 33. Rxh8 Rxh8 34. Kg1 Nc4
35. Kh2 Kf6 36. g4 Ke5 37. Kg3 Rd8 38. Kf3 d5 39. exd5 exd5 40. Kg3 d4 41.
cxd4+ Kxd4 42. h4 gxh4+ 43. Kxh4 Kd3 44. Bf3 Nd2 45. Kg3 f6 46. Kf4 Rd4+ 47.
Kg3 Nxf3 48. Kxf3 Re4 49. Re1 e2 50. Kf2 Rf4+ 0-1

[Event "34. Abierto Collado Villalba 2017"]
[Site "Collado Villalba ESP"]
[Date "2017.08.23"]
[Round "2.11"]
[White "Pastor Alonso de Prado, Emilio Alberto"]
[Black "Rodriguez De Robles, Ignacio"]
[Result "1-0"]
[WhiteElo "2176"]
[BlackElo "1858"]
[PlyCount "55"]
[EventDate "2017.08.22"]
[EventType "swiss"]
[EventRounds "9"]
[EventCountry "ESP"]
[SourceTitle "Ajedrez en Madrid"]
[Source "lmi"]
[SourceDate "2017.08.22"]
[SourceVersion "1"]
[SourceVersionDate "2018.03.05"]
[SourceQuality "1"]

1. e4 g6 2. d4 Bg7 3. Nf3 d6 4. Nc3 c6 5. Be2 Nd7 6. O-O e5 7. a4 Ngf6 8. Re1
O-O 9. Bf1 exd4 10. Nxd4 Ne5 11. h3 Be6 12. f4 Ned7 13. Nxe6 fxe6 14. Qxd6 Qb6+
15. Kh2 Qf2 16. Be3 Qh4 17. Qxe6+ Kh8 18. g3 Qh6 19. Kg2 Rfe8 20. Qc4 b5 21.
axb5 cxb5 22. Qxb5 Rab8 23. Qd3 Red8 24. Nd5 Nxd5 25. exd5 Rxb2 26. Rxa7 Nf6
27. Bd4 Nxd5 28. Rxg7 1-0

[Event "34. Abierto Collado Villalba 2017"]
[Site "Collado Villalba ESP"]
[Date "2017.08.23"]
[Round "2.12"]
[White "Mkrtchyan, Levon"]
[Black "Rodriguez Melendez, Juan Humbert"]
[Result "1/2-1/2"]
[WhiteElo "1964"]
[BlackElo "2160"]
[PlyCount "71"]
[EventDate "2017.08.22"]
[EventType "swiss"]
[EventRounds "9"]
[EventCountry "ESP"]
[SourceTitle "Ajedrez en Madrid"]
[Source "lmi"]
[SourceDate "2017.08.22"]
[SourceVersion "1"]
[SourceVersionDate "2018.03.05"]
[SourceQuality "1"]

1. d4 Nf6 2. c4 g6 3. Nc3 d5 4. cxd5 Nxd5 5. e4 Nxc3 6. bxc3 Bg7 7. Nf3 c5 8.
Be2 O-O 9. O-O Bg4 10. Bb2 Qa5 11. Qb3 Qc7 12. Rfd1 Nc6 13. h3 Na5 14. Qa4 Bxf3
15. Bxf3 Rab8 16. Qb5 a6 17. Qe2 b5 18. e5 Nc4 19. Bd5 Nxb2 20. Qxb2 e6 21. Bf3
Rfd8 22. Rab1 Qa7 23. Qa1 b4 24. dxc5 Qxc5 25. Rxd8+ Rxd8 26. cxb4 Qc7 27. Rc1
Qb8 28. a3 Bxe5 29. Qa2 Rc8 30. Rxc8+ Qxc8 31. g3 Qc3 32. Kg2 Bd4 33. Be2 Qc6+
34. Bf3 Qc3 35. Be2 Qc6+ 36. Bf3 1/2-1/2

[Event "34. Abierto Collado Villalba 2017"]
[Site "Collado Villalba ESP"]
[Date "2017.08.23"]
[Round "2.13"]
[White "Arauz Alonso, Fernando"]
[Black "Perez Pascual, Arturo"]
[Result "1-0"]
[WhiteElo "2140"]
[BlackElo "1832"]
[PlyCount "67"]
[EventDate "2017.08.22"]
[EventType "swiss"]
[EventRounds "9"]
[EventCountry "ESP"]
[SourceTitle "Ajedrez en Madrid"]
[Source "lmi"]
[SourceDate "2017.08.22"]
[SourceVersion "1"]
[SourceVersionDate "2018.03.05"]
[SourceQuality "1"]

1. d4 d5 2. c4 c6 3. Nc3 Nf6 4. cxd5 cxd5 5. Bf4 e6 6. e3 Bd6 7. Bxd6 Qxd6 8.
Bd3 a6 9. f4 b5 10. Nf3 Bb7 11. O-O O-O 12. Ne5 Nbd7 13. Qf3 Nb6 14. g4 Nc4 15.
Rf2 Qe7 16. g5 Nxe5 17. dxe5 Nd7 18. Bxh7+ Kxh7 19. Qh5+ Kg8 20. Rf3 g6 21. Qh4
f5 22. exf6 Qh7 23. Qg4 Kf7 24. Rh3 Qg8 25. Ne2 Nb6 26. Nd4 Bc8 27. Rc1 Nc4 28.
b3 e5 29. Qg2 Ke8 30. fxe5 Nxe5 31. Rc7 Bd7 32. Qg3 Nf7 33. Ne6 Rc8 34. Rxc8+
1-0

[Event "34. Abierto Collado Villalba 2017"]
[Site "Collado Villalba ESP"]
[Date "2017.08.23"]
[Round "2.14"]
[White "Lopez Ziegler, Carlos"]
[Black "Perez Ordoñez, Jose Ramon"]
[Result "1/2-1/2"]
[WhiteElo "1852"]
[BlackElo "2120"]
[PlyCount "94"]
[EventDate "2017.08.22"]
[EventType "swiss"]
[EventRounds "9"]
[EventCountry "ESP"]
[SourceTitle "Ajedrez en Madrid"]
[Source "lmi"]
[SourceDate "2017.08.22"]
[SourceVersion "1"]
[SourceVersionDate "2018.03.05"]
[SourceQuality "1"]

1. e4 g6 2. d4 Bg7 3. Nc3 d6 4. Be3 a6 5. Bd3 b5 6. Nf3 Nd7 7. O-O Bb7 8. h3 c5
9. a3 cxd4 10. Nxd4 Ngf6 11. f4 Rc8 12. Nf3 Rxc3 13. bxc3 Nxe4 14. Bxe4 Bxe4
15. Bd4 Bxf3 16. Qxf3 O-O 17. Bxg7 Kxg7 18. a4 Qc7 19. axb5 axb5 20. Rab1 Rb8
21. Kh1 Nf6 22. Rb4 Qc5 23. f5 g5 24. Rfb1 h6 25. Rd1 d5 26. Qd3 Kf8 27. Rdb1
Ne4 28. Qd4 Ng3+ 29. Kh2 Qxd4 30. cxd4 Nxf5 31. Rxb5 Rxb5 32. Rxb5 Nxd4 33.
Rxd5 Nxc2 34. g4 Ne3 35. Rd3 Nc4 36. Kg3 Nd6 37. h4 f6 38. Rd5 Kf7 39. h5 Ke6
40. Ra5 f5 41. gxf5+ Nxf5+ 42. Kg4 Nd6 43. Ra8 Ne4 44. Ra6+ Nd6 45. Ra8 Kf7 46.
Ra3 e6 47. Re3 Kf6 1/2-1/2

[Event "34. Abierto Collado Villalba 2017"]
[Site "Collado Villalba ESP"]
[Date "2017.08.23"]
[Round "2.15"]
[White "Rodrigo Yanguas, Maria"]
[Black "Lopez Heras, Arturo"]
[Result "1-0"]
[WhiteElo "2076"]
[BlackElo "1890"]
[PlyCount "45"]
[EventDate "2017.08.22"]
[EventType "swiss"]
[EventRounds "9"]
[EventCountry "ESP"]
[SourceTitle "Ajedrez en Madrid"]
[Source "lmi"]
[SourceDate "2017.08.22"]
[SourceVersion "1"]
[SourceVersionDate "2018.03.05"]
[SourceQuality "1"]

1. e4 c5 2. c3 g6 3. d4 Qc7 4. Be3 d6 5. Bd3 Bg7 6. Nf3 Nf6 7. h3 O-O 8. O-O c4
9. Bc2 b5 10. Qc1 Bb7 11. e5 dxe5 12. Nxe5 Nd5 13. Bh6 Nd7 14. Nf3 N7f6 15. Qg5
Bxh6 16. Qxh6 Nf4 17. Nbd2 Rad8 18. Rfe1 Ne6 19. Ne5 Nc5 20. dxc5 Qxc5 21. Ndf3
Nd7 22. Nxd7 Rxd7 23. Ng5 1-0

[Event "34. Abierto Collado Villalba 2017"]
[Site "Collado Villalba ESP"]
[Date "2017.08.23"]
[Round "2.16"]
[White "Perez Vazquez, Manuel"]
[Black "Esquivias Gomez, Francisco J"]
[Result "1/2-1/2"]
[WhiteElo "1856"]
[BlackElo "2015"]
[PlyCount "55"]
[EventDate "2017.08.22"]
[EventType "swiss"]
[EventRounds "9"]
[EventCountry "ESP"]
[SourceTitle "Ajedrez en Madrid"]
[Source "lmi"]
[SourceDate "2017.08.22"]
[SourceVersion "1"]
[SourceVersionDate "2018.03.05"]
[SourceQuality "1"]

1. d4 c5 2. d5 e5 3. e4 a6 4. a4 d6 5. Nc3 Be7 6. Nf3 Bg4 7. Be2 Bxf3 8. Bxf3
Bg5 9. Bxg5 Qxg5 10. h4 Qd8 11. g3 Nd7 12. a5 Nh6 13. g4 f6 14. Qd2 Nf7 15. b3
Qc7 16. Be2 O-O-O 17. Nd1 g6 18. Ne3 Kb8 19. b4 cxb4 20. Qxb4 Qc5 21. Rb1 Qxb4+
22. Rxb4 Ka7 23. Kd2 Nc5 24. Rhb1 Rd7 25. Rg1 Rc7 26. Rh1 Rd7 27. Rg1 Rc7 28.
Rh1 1/2-1/2

[Event "34. Abierto Collado Villalba 2017"]
[Site "Collado Villalba ESP"]
[Date "2017.08.23"]
[Round "2.17"]
[White "Elissalt Cardenas, Hector"]
[Black "Cardena Contreras, Javier"]
[Result "1-0"]
[WhiteElo "2360"]
[BlackElo "1925"]
[PlyCount "87"]
[EventDate "2017.08.22"]
[EventType "swiss"]
[EventRounds "9"]
[EventCountry "ESP"]
[SourceTitle "Ajedrez en Madrid"]
[Source "lmi"]
[SourceDate "2017.08.22"]
[SourceVersion "1"]
[SourceVersionDate "2018.03.05"]
[SourceQuality "1"]

1. d4 d5 2. c4 Nc6 3. Nc3 dxc4 4. d5 Ne5 5. Qd4 Ng6 6. Nf3 Nf6 7. e4 e5 8. Qxc4
Bd6 9. g3 a6 10. Bg2 O-O 11. O-O Nd7 12. Bg5 Qe8 13. Be3 h6 14. a3 b6 15. b4
Nf6 16. Ne1 Ng4 17. Bd2 f5 18. Nd3 f4 19. f3 b5 20. Qb3 Nf6 21. Ne2 Nh5 22.
Rac1 Kh8 23. Nf2 Qe7 24. Bh3 Bxh3 25. Nxh3 Rf7 26. Kg2 Raf8 27. Be1 Nf6 28.
gxf4 exf4 29. Nd4 Nxe4 30. fxe4 Qxe4+ 31. Nf3 Ne5 32. Nf2 Qg6+ 33. Kh1 Qh5 34.
Nxe5 Bxe5 35. Qh3 Qe2 36. Nd3 f3 37. Nxe5 Qg2+ 38. Qxg2 fxg2+ 39. Kxg2 Rxf1 40.
Ng6+ Kg8 41. Nxf8 Rxf8 42. Bg3 Rd8 43. Rc5 Kh7 44. Bxc7 1-0

[Event "34. Abierto Collado Villalba 2017"]
[Site "Collado Villalba ESP"]
[Date "2017.08.23"]
[Round "2.18"]
[White "Zhou, Lulu"]
[Black "Semprun Martinez, Fernando"]
[Result "0-1"]
[WhiteElo "1928"]
[BlackElo "2193"]
[PlyCount "62"]
[EventDate "2017.08.22"]
[EventType "swiss"]
[EventRounds "9"]
[EventCountry "ESP"]
[SourceTitle "Ajedrez en Madrid"]
[Source "lmi"]
[SourceDate "2017.08.22"]
[SourceVersion "1"]
[SourceVersionDate "2018.03.05"]
[SourceQuality "1"]

1. e4 c5 2. Nf3 e6 3. d4 cxd4 4. Nxd4 Nf6 5. e5 Qa5+ 6. Nc3 Qxe5+ 7. Be2 Nc6 8.
Nf3 Qc7 9. Nb5 Qb8 10. c4 a6 11. Nc3 Be7 12. h3 O-O 13. g4 d5 14. g5 Ne4 15.
cxd5 Nxc3 16. bxc3 exd5 17. h4 Qd6 18. Be3 Bg4 19. Nd4 Bxe2 20. Nxe2 Rad8 21.
Qc2 Rfe8 22. Kf1 Qe5 23. Rh3 Qe4 24. Qd2 Ne5 25. Ng3 Qg4 26. Kg2 Nf3 27. Qe2
Ne5 28. f3 Qc4 29. Bd4 Nd3 30. Qd2 Bc5 31. Nf5 Re2+ 0-1

[Event "34. Abierto Collado Villalba 2017"]
[Site "Collado Villalba ESP"]
[Date "2017.08.23"]
[Round "2.19"]
[White "Fernandez Aransay, Fernando"]
[Black "Lacrosse, Marc"]
[Result "1-0"]
[WhiteElo "1844"]
[BlackElo "2173"]
[PlyCount "55"]
[EventDate "2017.08.22"]
[EventType "swiss"]
[EventRounds "9"]
[EventCountry "ESP"]
[SourceTitle "Ajedrez en Madrid"]
[Source "lmi"]
[SourceDate "2017.08.22"]
[SourceVersion "1"]
[SourceVersionDate "2018.03.05"]
[SourceQuality "1"]

1. e4 e5 2. Nf3 Nc6 3. Bb5 a6 4. Bxc6 dxc6 5. Nc3 Bd6 6. d4 exd4 7. Qxd4 f6 8.
Be3 Ne7 9. Nd2 Be6 10. f4 O-O 11. f5 Bf7 12. g4 Re8 13. O-O-O c5 14. Qd3 b5 15.
g5 c4 16. Qf1 Nc6 17. gxf6 Qxf6 18. Nf3 Bh5 19. Nd5 Qf8 20. Rg1 Kh8 21. Ng5
Bxd1 22. Qxd1 Ne5 23. Nxh7 Kxh7 24. Qh5+ Kg8 25. Bh6 Qf7 26. Rxg7+ Qxg7 27.
Bxg7 Kxg7 28. f6+ 1-0

[Event "34. Abierto Collado Villalba 2017"]
[Site "Collado Villalba ESP"]
[Date "2017.08.23"]
[Round "2.20"]
[White "Perez Cameselle, Francisco Jose"]
[Black "Veganzones Rojo, David"]
[Result "0-1"]
[WhiteElo "1789"]
[BlackElo "2149"]
[PlyCount "88"]
[EventDate "2017.08.22"]
[EventType "swiss"]
[EventRounds "9"]
[EventCountry "ESP"]
[SourceTitle "Ajedrez en Madrid"]
[Source "lmi"]
[SourceDate "2017.08.22"]
[SourceVersion "1"]
[SourceVersionDate "2018.03.05"]
[SourceQuality "1"]

1. Nf3 d5 2. g3 c6 3. Bg2 Bg4 4. h3 Bh5 5. d3 e6 6. O-O Bd6 7. Nbd2 Ne7 8. e4
Nd7 9. Qe2 O-O 10. g4 Bg6 11. e5 Bc7 12. Re1 c5 13. Nb3 Nc6 14. Bg5 Qb8 15. Bh4
a5 16. a4 b5 17. Bg3 bxa4 18. Rxa4 Qb5 19. Ra3 Nb6 20. Nbd2 Nd4 21. Nxd4 cxd4
22. Rb3 Qc5 23. Nf3 Rfc8 24. c3 dxc3 25. Rxc3 Qb4 26. Rec1 Bd8 27. Rxc8 Rxc8
28. Rxc8 Nxc8 29. d4 Na7 30. Qa6 Qb6 31. Qxb6 Bxb6 32. Bf4 Nc6 33. Be3 Be4 34.
Kf1 Bxf3 35. Bxf3 Bxd4 36. Bxd4 Nxd4 37. Bd1 g5 38. h4 h6 39. hxg5 hxg5 40. Kg2
Nc6 41. f4 gxf4 42. Kf3 Nxe5+ 43. Kxf4 Nd3+ 44. Kg5 Nxb2 0-1